000 00503nam a22001697a 4500
003 OSt
005 20220107122845.0
008 181116b xxu||||| |||| 00| 0 eng d
020 _a9781119480587
040 _cIIITMK
082 _a332.42 FUR/I
100 _aFurneaux, Nick
_915076
245 _aInvestigating cryptocurrencies:
_bUnderstanding, extracting and analyzing blockchain evidence
_cNick Furneaux
260 _aIndianapolis,
_bJohn Wiley Sons,
_c2018.
300 _axxxii, 287p.
942 _2ddc
_cBK
999 _c6265
_d6265